zpět

Detail výsledku týmu

Finále kraje Vysočina, Jihlava

Datum a čas kvízu

31.5 Celkem bodů Celkový počet nahraných bodů na tomto kvízu bez doplňovacích otázek.
3. Pořadí na kvízu Konečné umístění týmu na tomto kvízu.

Zaznamenané odpovědi

# Otázka Odpověď Body Výsledky
1. Finále bude sestaveno stejně j... na Islandu 1
2. Téma: Vlajky. Které konkrétní... C) sekera a pádlo 0
3. Téma: Opuštěná místa. Na fotog... zemětřesení/sesuvy půdy 1
4. Téma: Okresy ČR. Na které písm... písmeno P 1
5. Téma: Karibik. Který karibský... Svatý Martin 1
6. Téma: Chyby ve filmech. Ve fil... Bitva u Stirlingu (u Stirlingského mostu) 0
7. Téma: Neoblíbené filmové posta... Princezna nevěsta 0
8. Téma: Právníci na obrazovkách.... Perry Mason 1
9. Téma: Kulinářské filmy. Udělám... Medvěd (The Bear) 1
10. Téma: Filmové kostýmy. Která h... Halle Berry 1